[Event "C.to Italiano Semifinale"]
[Site "Saint Vincent - Chatillon ITA"]
[Date "1999.06.24"]
[Round "6"]
[White "Pegoraro, Nicola"]
[Black "Camerini, Lorenzo"]
[Result "1-0"]
[WhiteElo "2072"]
[BlackElo "1621"]
[PlyCount "148"]
[EventDate "1999.06.20"]

1. e4 e6 2. d4 d5 3. e5 c5 4. c3 Qb6 5. Nf3 Nc6 6. a3 c4 7. g3 Na5 8. Nbd2 Bd7
9. Bh3 Ne7 10. O-O Nc8 11. Ne1 Qc7 12. f4 g6 13. Ng2 Nb6 14. Ne3 O-O-O 15. Rb1
h5 16. Qe2 Ba4 17. Nf3 Bh6 18. Ng2 Kb8 19. Be3 Nb3 20. Nge1 Nc8 21. Ng2 Ne7 22.
Rf2 Bd7 23. Nd2 Qb6 24. Ne1 Ba4 25. Nxb3 Qxb3 26. Nf3 Qb6 27. Nh4 Qc7 28. Qd2
Bd7 29. Qd1 Nc6 30. Bg2 Na5 31. Bf3 Bc6 32. Qe1 Bf8 33. Bd1 Qd7 34. Bc2 Rg8 35.
Qe2 Ba4 36. Nf3 Bxc2 37. Qxc2 Nc6 38. h3 Rh8 39. Rh2 Be7 40. Qe2 Na5 41. Kf2
Nb3 42. Nd2 Nxd2 43. Bxd2 Qa4 44. Be3 Qe8 45. Qd2 Qg8 46. Rbh1 Qg7 47. Ke2 Rh7
48. Rg2 Rdh8 49. Rhg1 Qg8 50. Kd1 Qe8 51. Qc2 Qb5 52. Kd2 Qb3 53. Qxb3 cxb3 54.
Kd3 b5 55. a4 a6 56. axb5 axb5 57. Ra1 Kb7 58. Rgg1 Ra8 59. Rxa8 Kxa8 60. Ra1+
Kb7 61. Ra5 Kc6 62. Ra8 Kd7 63. Ra7+ Kd8 64. Rb7 g5 65. fxg5 h4 66. g4 Rg7 67.
Rxb5 Bxg5 68. Rxb3 Be7 69. Rb7 Ke8 70. Ra7 Rg6 71. Bf4 f5 72. exf6 Bxf6 73. b4
Bd8 74. b5 Bb6 1-0

[Event "C.to Italiano Semifinale"]
[Site "Saint Vincent - Chatillon ITA"]
[Date "1999.06.24"]
[Round "6"]
[White "Ranieri, Fabrizio"]
[Black "Mariano, Elia"]
[Result "1/2-1/2"]
[WhiteElo "2166"]
[BlackElo "2254"]
[PlyCount "34"]
[EventDate "1999.06.20"]

1. e4 c6 2. d4 d5 3. exd5 cxd5 4. c4 Nf6 5. Nc3 Nc6 6. c5 e5 7. dxe5 Nxe5 8.
Bb5+ Nc6 9. Be3 Be7 10. Nge2 O-O 11. h3 a6 12. Ba4 Ne5 13. b4 Nc4 14. Bd4 b6
15. O-O bxc5 16. Bxc5 Bxc5 17. bxc5 Be6 1/2-1/2

[Event "C.to Italiano Semifinale"]
[Site "Saint Vincent - Chatillon ITA"]
[Date "1999.06.24"]
[Round "6"]
[White "Rettore, Ludwig"]
[Black "Wild, Alexander"]
[Result "1-0"]
[WhiteElo "1675"]
[BlackElo "1732"]
[PlyCount "71"]
[EventDate "1999.06.20"]

1. e4 c5 2. Nf3 d6 3. d4 cxd4 4. Nxd4 Nf6 5. Nc3 g6 6. Be3 Bg7 7. f3 O-O 8. Qd2
Nc6 9. Bc4 Bd7 10. h4 h5 11. O-O-O Rc8 12. Bb3 Ne5 13. Nde2 b5 14. Bh6 Nc4 15.
Bxc4 Rxc4 16. Bxg7 Kxg7 17. Nd5 Nxd5 18. exd5 Qc7 19. Kb1 Rc8 20. Rc1 Bf5 21.
Nd4 Bd7 22. Rhe1 Re8 23. Re4 e5 24. dxe6 fxe6 25. Ne2 d5 26. Rxc4 bxc4 27. Qd4+
Kh7 28. Qf6 Rg8 29. g3 Qd6 30. Nf4 Qf8 31. Qd4 a5 32. Re1 Rg7 33. Rxe6 Bxe6 34.
Nxe6 Re7 35. Nxf8+ Kg8 36. Qh8+ 1-0

[Event "C.to Italiano Semifinale"]
[Site "Saint Vincent - Chatillon ITA"]
[Date "1999.06.24"]
[Round "6"]
[White "Rossato, Armando"]
[Black "D'Innocente, Stefano"]
[Result "1/2-1/2"]
[WhiteElo "1959"]
[BlackElo "1693"]
[PlyCount "50"]
[EventDate "1999.06.20"]

1. d4 Nf6 2. Nf3 g6 3. c4 Bg7 4. Nc3 O-O 5. e4 d6 6. Bg5 Nbd7 7. Be2 e5 8. d5
h6 9. Bh4 a5 10. Nd2 Nc5 11. f3 Bd7 12. b3 g5 13. Bf2 Nh5 14. g4 Nf4 15. h3 Bf6
16. Qc2 Ng2+ 17. Kd1 Qe8 18. Nf1 Nf4 19. Ng3 c6 20. Nf5 Bxf5 21. gxf5 cxd5 22.
exd5 e4 23. Bxc5 dxc5 24. Rc1 exf3 25. Bxf3 Qe3 1/2-1/2

[Event "C.to Italiano Semifinale"]
[Site "Saint Vincent - Chatillon ITA"]
[Date "1999.06.24"]
[Round "6"]
[White "Rossi, Carlo"]
[Black "Iotti, Pierluigi"]
[Result "1-0"]
[WhiteElo "2371"]
[BlackElo "2318"]
[PlyCount "57"]
[EventDate "1999.06.20"]

1. e4 e6 2. Nf3 d5 3. Nc3 Nf6 4. e5 Nfd7 5. d4 c5 6. Bb5 Nc6 7. O-O Be7 8. Re1
O-O 9. Bxc6 bxc6 10. Ne2 Qb6 11. c3 cxd4 12. cxd4 c5 13. b3 f6 14. Nf4 fxe5 15.
Nxe5 Nxe5 16. dxe5 Bd7 17. Bd2 Rf7 18. Qg4 d4 19. h4 a5 20. h5 a4 21. Rab1 axb3
22. Rxb3 Qc6 23. h6 c4 24. Rg3 Be8 25. Rf3 Ra6 26. Nd5 Bf8 27. Rxf7 Kxf7 28.
hxg7 Bxg7 29. Qf4+ 1-0

[Event "C.to Italiano Semifinale"]
[Site "Saint Vincent - Chatillon ITA"]
[Date "1999.06.24"]
[Round "6"]
[White "Tatai, Stefano"]
[Black "Bellia, Fabrizio"]
[Result "1-0"]
[WhiteElo "2359"]
[BlackElo "2340"]
[PlyCount "80"]
[EventDate "1999.06.20"]

1. e4 e5 2. Nf3 Nc6 3. Bb5 a6 4. Bxc6 dxc6 5. O-O f6 6. d4 exd4 7. Nxd4 c5 8.
Ne2 Qxd1 9. Rxd1 Bd7 10. Nbc3 O-O-O 11. Be3 b6 12. Rd2 Re8 13. Rad1 Bc6 14. Nf4
Nh6 15. Nfd5 Ng4 16. Bf4 Ne5 17. b3 b5 18. f3 Bd6 19. Ne2 c4 20. Bg3 h5 21. Bf2
Kb7 22. Ng3 b4 23. Nf5 Bf8 24. bxc4 Nxc4 25. Rd4 Bb5 26. Rb1 c5 27. Rdd1 a5 28.
c3 Rd8 29. cxb4 axb4 30. Rdc1 g6 31. Nfe3 Ne5 32. a3 Nd3 33. Rd1 Nxf2 34. Kxf2
f5 35. axb4 f4 36. Nxf4 Rxd1 37. Rxd1 cxb4 38. Nxg6 Rg8 39. Nxf8 Rxf8 40. Rb1
Ra8 1-0

[Event "C.to Italiano Semifinale"]
[Site "Saint Vincent - Chatillon ITA"]
[Date "1999.06.24"]
[Round "6"]
[White "Tocco, Paolo"]
[Black "Ferri, Stefano"]
[Result "1-0"]
[WhiteElo "2150"]
[BlackElo "2091"]
[PlyCount "89"]
[EventDate "1999.06.20"]

1. e4 c5 2. Nc3 e6 3. g3 Nc6 4. Bg2 a6 5. d3 Nge7 6. Nge2 g6 7. Be3 d6 8. Qd2
h6 9. O-O Bg7 10. Nd1 f5 11. c3 e5 12. d4 b6 13. f4 cxd4 14. cxd4 fxe4 15. dxe5
d5 16. Ndc3 Be6 17. Na4 Rb8 18. Rac1 O-O 19. Rfd1 Kh7 20. Qc3 Bg4 21. Rc2 b5
22. Nc5 b4 23. Qd2 Qa5 24. h3 Bc8 25. b3 Rd8 26. g4 Bf8 27. Qe1 Rb5 28. Na4 Be6
29. Qf2 Rdb8 30. f5 gxf5 31. gxf5 Bd7 32. e6 Be8 33. f6 Ng6 34. f7 Nge5 35.
fxe8=Q Rxe8 36. Bb6 Rxb6 37. Nxb6 Nf3+ 38. Kh1 d4 39. Bxf3 exf3 40. Qxf3 Qxb6
41. Qf7+ Bg7 42. Qxe8 d3 43. Rxd3 Qf2 44. Rg3 Qe1+ 45. Rg1 1-0

[Event "C.to Italiano Semifinale"]
[Site "Saint Vincent - Chatillon ITA"]
[Date "1999.06.24"]
[Round "6"]
[White "Ventura, Sergio"]
[Black "Scavo, Fernando"]
[Result "0-1"]
[WhiteElo "2209"]
[BlackElo "2301"]
[PlyCount "58"]
[EventDate "1999.06.20"]

1. g3 c5 2. Bg2 Nc6 3. b3 d5 4. Bb2 e5 5. e3 Nf6 6. c4 d4 7. Bxc6+ bxc6 8. Qf3
e4 9. Qg2 Bf5 10. h3 Nd7 11. exd4 cxd4 12. Bxd4 Nc5 13. Ne2 Nd3+ 14. Kf1 Bc5
15. Bxc5 Nxc5 16. g4 Bg6 17. Qg3 O-O 18. Qe3 Nd3 19. Nbc3 f5 20. gxf5 Bxf5 21.
Kg1 Bg6 22. Rh2 Rf3 23. Qd4 Qe7 24. c5 Raf8 25. Rf1 Qg5+ 26. Rg2 Qh4 27. Nd1
Rxh3 28. Ng3 Nf4 29. Ne3 Rh1+ 0-1

[Event "C.to Italiano Semifinale"]
[Site "Saint Vincent - Chatillon ITA"]
[Date "1999.06.24"]
[Round "6"]
[White "Vezzosi, Paolo"]
[Black "Genocchio, Daniele"]
[Result "1-0"]
[WhiteElo "2339"]
[BlackElo "2247"]
[PlyCount "111"]
[EventDate "1999.06.20"]

1. Nf3 g6 2. e4 Bg7 3. d4 d6 4. Nc3 Nf6 5. h3 a6 6. a4 c5 7. dxc5 Qa5 8. Bd3
Qxc5 9. a5 Bd7 10. Be3 Qc7 11. O-O O-O 12. Qd2 Bc6 13. Bh6 Nbd7 14. Nd4 d5 15.
Bxg7 Kxg7 16. exd5 Bxd5 17. Rfe1 e5 18. Nxd5 Nxd5 19. Qg5 Nf4 20. Nf5+ Kh8 21.
Ne3 f5 22. Nc4 Rae8 23. Bf1 e4 24. Rad1 Ne6 25. Qd2 Nf6 26. Qd6 Qg7 27. Ne5 Nh5
28. Nd7 Rf7 29. Bc4 Nhf4 30. Nc5 Rfe7 31. Nxe6 Nxe6 32. c3 Nf8 33. Rd5 Nd7 34.
Red1 Nf6 35. R5d4 e3 36. fxe3 Rxe3 37. Qf4 R3e5 38. Rd8 Re1+ 39. Rxe1 Rxd8 40.
Re6 Ne4 41. Bd5 Nc5 42. Rd6 Re8 43. Qe3 Rxe3 44. Rd8+ Qf8 45. Rxf8+ Kg7 46.
Rf7+ Kh6 47. b4 Re1+ 48. Kh2 Nd3 49. Rxb7 Ra1 50. Kg3 Rf1 51. b5 f4+ 52. Kh2
Nf2 53. g3 Rd1 54. c4 Nd3 55. gxf4 Rd2+ 56. Kg3 1-0

[Event "C.to Italiano Semifinale"]
[Site "Saint Vincent - Chatillon ITA"]
[Date "1999.06.25"]
[Round "7"]
[White "Aldrovandi, Costantino"]
[Black "Rossi, Carlo"]
[Result "1/2-1/2"]
[WhiteElo "2309"]
[BlackElo "2371"]
[PlyCount "95"]
[EventDate "1999.06.20"]

1. Nf3 Nc6 2. c4 g6 3. Nc3 Bg7 4. d4 d6 5. d5 Ne5 6. Nxe5 Bxe5 7. e4 Nf6 8. f3
e6 9. Be3 Nh5 10. g3 exd5 11. exd5 O-O 12. Qd2 c5 13. Bg2 a6 14. O-O f5 15. f4
Bg7 16. Rfe1 Bd7 17. Bf1 Qa5 18. Ne4 Qxd2 19. Nxd2 Rfe8 20. Bf2 Bxb2 21. Rab1
Rxe1 22. Bxe1 Bd4+ 23. Bf2 Bxf2+ 24. Kxf2 b5 25. cxb5 axb5 26. Bxb5 Bxb5 27.
Rxb5 Rxa2 28. Ke3 Nf6 29. Rb8+ Kg7 30. Rb7+ Kh6 31. Nc4 Nxd5+ 32. Kf3 Rxh2 33.
Nxd6 Nf6 34. Nf7+ Kh5 35. Ne5 h6 36. Rb5 Ng4 37. Nxg4 fxg4+ 38. Ke3 Rg2 39.
Rxc5+ g5 40. fxg5 Rxg3+ 41. Kf2 Rf3+ 42. Kg2 hxg5 43. Rc6 Ra3 44. Rb6 g3 45.
Kh3 g4+ 46. Kg2 Kh4 47. Rh6+ Kg5 48. Rh8 1/2-1/2

[Event "C.to Italiano Semifinale"]
[Site "Saint Vincent - Chatillon ITA"]
[Date "1999.06.25"]
[Round "7"]
[White "Bellia, Fabrizio"]
[Black "Collutiis, Duilio"]
[Result "1/2-1/2"]
[WhiteElo "2340"]
[BlackElo "2196"]
[PlyCount "50"]
[EventDate "1999.06.20"]

1. e4 c5 2. Nf3 e6 3. d4 cxd4 4. Nxd4 a6 5. Bd3 Qc7 6. O-O Nc6 7. Nxc6 dxc6 8.
Nd2 Nf6 9. a4 a5 10. Qe2 e5 11. h3 Be6 12. Bc4 Bxc4 13. Nxc4 Bc5 14. Bg5 Nd7
15. Qg4 h5 16. Qf3 Nf8 17. Be3 Bxe3 18. fxe3 f6 19. Rad1 Rd8 20. Rxd8+ Kxd8 21.
Rd1+ Ke7 22. Qg3 Ne6 23. Qe1 Nc5 24. Qg3 Ne6 25. Qe1 Nc5 1/2-1/2

[Event "C.to Italiano Semifinale"]
[Site "Saint Vincent - Chatillon ITA"]
[Date "1999.06.25"]
[Round "7"]
[White "Camerini, Lorenzo"]
[Black "Tocco, Paolo"]
[Result "0-1"]
[WhiteElo "1621"]
[BlackElo "2150"]
[PlyCount "78"]
[EventDate "1999.06.20"]

1. d4 f5 2. e4 fxe4 3. Nc3 Nf6 4. Bg5 Nc6 5. d5 Ne5 6. Qd4 Nf7 7. Bxf6 exf6 8.
Nxe4 f5 9. Ng3 g6 10. O-O-O Bh6+ 11. Kb1 O-O 12. f4 Bg7 13. Qf2 Qf6 14. c3 Nd6
15. Nf3 b5 16. Ne5 b4 17. c4 Ne4 18. Qc2 d6 19. Nc6 a5 20. Nd4 Bd7 21. Nxe4
fxe4 22. g3 a4 23. Qe2 Rfe8 24. Qe3 Rac8 25. Be2 c6 26. dxc6 Rxc6 27. Rd2 Rcc8
28. Rhd1 a3 29. b3 Kh8 30. Rc2 Bh6 31. h4 Bg7 32. Bf1 h5 33. Be2 Rc5 34. Bf1
Rec8 35. Bg2 d5 36. Bf1 Be6 37. Qd2 dxc4 38. bxc4 Bxc4 39. Bxc4 Rxc4 0-1

[Event "C.to Italiano Semifinale"]
[Site "Saint Vincent - Chatillon ITA"]
[Date "1999.06.25"]
[Round "7"]
[White "Caposciutti, Maurizio"]
[Black "Castaldo, Folco"]
[Result "1-0"]
[WhiteElo "2273"]
[BlackElo "2192"]
[PlyCount "67"]
[EventDate "1999.06.20"]

1. Nf3 Nf6 2. c4 e6 3. g3 b6 4. Bg2 Bb7 5. O-O Be7 6. b3 c5 7. Bb2 O-O 8. Nc3
d6 9. d4 cxd4 10. Nxd4 Bxg2 11. Kxg2 Qc7 12. e3 Nbd7 13. f4 Rfe8 14. Qf3 a6 15.
g4 Nc5 16. g5 Nfd7 17. Rfd1 Rac8 18. Rac1 Bf8 19. h4 Nb8 20. b4 Nb7 21. Ne4 Nc6
22. a3 Nxd4 23. Bxd4 Nd8 24. Bb2 Nc6 25. h5 e5 26. f5 Rcd8 27. Kf2 b5 28. h6
gxh6 29. Rh1 Kh8 30. gxh6 bxc4 31. Rcg1 d5 32. Qg4 Ne7 33. Qg7+ Bxg7 34. hxg7+
1-0

[Event "C.to Italiano Semifinale"]
[Site "Saint Vincent - Chatillon ITA"]
[Date "1999.06.25"]
[Round "7"]
[White "Ciuffoletti, Paolo"]
[Black "Astengo, Corrado"]
[Result "1/2-1/2"]
[WhiteElo "2163"]
[BlackElo "2191"]
[PlyCount "114"]
[EventDate "1999.06.20"]

1. e4 c5 2. d4 cxd4 3. c3 dxc3 4. Nxc3 Nc6 5. Nf3 d6 6. Bc4 a6 7. O-O Nf6 8.
Qe2 Bg4 9. Rd1 e6 10. Bf4 Qb8 11. h3 Bxf3 12. Qxf3 Ne5 13. Bxe5 dxe5 14. g4 h6
15. h4 Be7 16. g5 hxg5 17. hxg5 Nh5 18. g6 Nf4 19. gxf7+ Kf8 20. Bf1 Rh5 21.
Ne2 Rg5+ 22. Ng3 Kxf7 23. Rac1 b6 24. Rd7 Ra7 25. Rc8 Qxc8 26. Rxa7 a5 27. Qd1
Kf6 28. Be2 Bc5 29. Kf1 Qh8 30. Qd7 Qf8 31. Bc4 Qe7 32. Qxe7+ Bxe7 33. Rc7 Bc5
34. Rc6 Ke7 35. Ke1 Rg6 36. Nf1 Rg1 37. Bb5 Nh3 38. f3 Ng5 39. Rc7+ Kf6 40. Be2
Nh3 41. Bb5 Nf4 42. b3 Rg2 43. a4 Bb4+ 44. Kd1 Rf2 45. Ne3 Rxf3 46. Ng4+ Kg5
47. Rxg7+ Kh4 48. Nxe5 Rg3 49. Rxg3 Kxg3 50. Nd7 Kf3 51. Bc6 Ke3 52. Nxb6 Nd3
53. Nc4+ Kd4 54. Kc2 Nf2 55. e5 Ng4 56. Bd7 Nxe5 57. Bxe6 Nxc4 1/2-1/2

[Event "C.to Italiano Semifinale"]
[Site "Saint Vincent - Chatillon ITA"]
[Date "1999.06.25"]
[Round "7"]
[White "D'Innocente, Stefano"]
[Black "Bonaccorsi, Fabrizio"]
[Result "1-0"]
[WhiteElo "1693"]
[BlackElo "2086"]
[PlyCount "51"]
[EventDate "1999.06.20"]

1. e4 c5 2. Nf3 e6 3. d4 cxd4 4. Nxd4 Nc6 5. Nc3 Qc7 6. Ndb5 Qb8 7. g3 a6 8.
Nd4 Nf6 9. Bg2 Bc5 10. Nb3 Ba7 11. O-O h6 12. Qe2 O-O 13. Bf4 Ne5 14. Rad1 b5
15. h3 Bb7 16. Na5 Bc8 17. Kh2 b4 18. Nc4 d6 19. Nxd6 Ng6 20. e5 bxc3 21. Bxa8
Nxf4 22. gxf4 Qxa8 23. exf6 g6 24. Rg1 cxb2 25. Qh5 Kh7 26. Nxf7 1-0

[Event "C.to Italiano Semifinale"]
[Site "Saint Vincent - Chatillon ITA"]
[Date "1999.06.25"]
[Round "7"]
[White "Genocchio, Daniele"]
[Black "Costantini, Roberto"]
[Result "1-0"]
[WhiteElo "2247"]
[BlackElo "2158"]
[PlyCount "49"]
[EventDate "1999.06.20"]

1. f4 c5 2. Nf3 Nc6 3. g3 g6 4. Bg2 Bg7 5. O-O e6 6. c3 Nge7 7. d3 Rb8 8. e4 b5
9. Be3 d6 10. Nbd2 b4 11. Nc4 bxc3 12. bxc3 Bxc3 13. e5 Nf5 14. Ng5 d5 15. Bxc5
Bxa1 16. Qxa1 dxc4 17. Bxc6+ Bd7 18. Ne4 Bxc6 19. Nf6+ Qxf6 20. exf6 cxd3 21.
g4 Nh4 22. Qe5 Rb7 23. Qd6 Bd5 24. Kf2 h5 25. Rb1 1-0

[Event "C.to Italiano Semifinale"]
[Site "Saint Vincent - Chatillon ITA"]
[Date "1999.06.25"]
[Round "7"]
[White "Luciani, Valerio"]
[Black "Rossato, Armando"]
[Result "1-0"]
[WhiteElo "2238"]
[BlackElo "1959"]
[PlyCount "91"]
[EventDate "1999.06.20"]

1. d4 d5 2. c4 c6 3. Nf3 Nf6 4. Nc3 dxc4 5. a4 Bf5 6. e3 Nbd7 7. Bxc4 e6 8. Qe2
Bb4 9. O-O O-O 10. Rd1 Qc7 11. e4 Bg6 12. e5 Nd5 13. Bd2 Be7 14. Rac1 Qd8 15.
Bd3 Bxd3 16. Qxd3 N7b6 17. Ne4 Nxa4 18. Qc2 Nab6 19. Neg5 g6 20. Qe4 Kg7 21. h4
h6 22. Nh3 Nd7 23. g3 Rg8 24. Nh2 Qb6 25. Ng4 Rh8 26. Qf3 Qd8 27. Kg2 N7b6 28.
Nxh6 Rxh6 29. Bxh6+ Kxh6 30. Ng5 Bxg5 31. hxg5+ Kg7 32. Rh1 Qxg5 33. Rh7+ Kxh7
34. Qxf7+ Kh6 35. Rh1+ Qh5 36. Rxh5+ gxh5 37. Qxe6+ Kg7 38. f4 Rf8 39. Kf3 Nc4
40. f5 Nd2+ 41. Ke2 Nb3 42. Qg6+ Kh8 43. Qxh5+ Kg8 44. Qg6+ Kh8 45. Kd3 a5 46.
f6 1-0

[Event "C.to Italiano Semifinale"]
[Site "Saint Vincent - Chatillon ITA"]
[Date "1999.06.25"]
[Round "7"]
[White "Malfagia, Andrea"]
[Black "Ranieri, Fabrizio"]
[Result "1/2-1/2"]
[WhiteElo "2308"]
[BlackElo "2166"]
[PlyCount "42"]
[EventDate "1999.06.20"]

1. d4 e6 2. c4 d5 3. Nc3 Nf6 4. Bg5 Be7 5. e3 O-O 6. Nf3 c6 7. Qc2 Nbd7 8. Rd1
Re8 9. a3 dxc4 10. Bxc4 Nd5 11. Bxe7 Qxe7 12. Ne4 e5 13. dxe5 Nxe5 14. Bxd5
Nxf3+ 15. gxf3 cxd5 16. Rxd5 Be6 17. Rc5 f5 18. Nd2 Rac8 19. Rxc8 Rxc8 20. Qb1
Qd6 21. Ke2 Rd8 1/2-1/2

[Event "C.to Italiano Semifinale"]
[Site "Saint Vincent - Chatillon ITA"]
[Date "1999.06.25"]
[Round "7"]
[White "Mariano, Elia"]
[Black "Rettore, Ludwig"]
[Result "1-0"]
[WhiteElo "2254"]
[BlackElo "1675"]
[PlyCount "85"]
[EventDate "1999.06.20"]

1. d4 c5 2. d5 e5 3. e4 d6 4. c4 Nf6 5. Nc3 Be7 6. Bd3 O-O 7. Nge2 Na6 8. O-O
Nc7 9. h3 Bd7 10. Be3 a6 11. a4 Rb8 12. a5 b5 13. axb6 Rxb6 14. b3 Nfe8 15. Bc2
Bg5 16. Qd2 h6 17. f4 Bf6 18. Rae1 Bh4 19. fxe5 Bxe1 20. Rxe1 dxe5 21. Bxc5 Rg6
22. Bxf8 Bxh3 23. g3 Kxf8 24. Kh2 Bc8 25. Ng1 Qd7 26. Bd1 Nf6 27. c5 h5 28. Re3
h4 29. Qf2 Qg4 30. Bxg4 Nxg4+ 31. Kg2 Nxf2 32. Kxf2 Rf6+ 33. Kg2 hxg3 34. Rxg3
g6 35. Nf3 Rf4 36. Nxe5 Ne8 37. Rf3 Rxf3 38. Kxf3 Nf6 39. Na4 Ke7 40. Nb6 Bh3
41. d6+ Kd8 42. Nxf7+ Ke8 43. Ne5 1-0

[Event "C.to Italiano Semifinale"]
[Site "Saint Vincent - Chatillon ITA"]
[Date "1999.06.25"]
[Round "7"]
[White "Martorelli, Antonio"]
[Black "Dorighet, Claudio"]
[Result "1-0"]
[WhiteElo "2346"]
[BlackElo "2110"]
[PlyCount "67"]
[EventDate "1999.06.20"]

1. d4 e6 2. e4 c5 3. d5 exd5 4. exd5 d6 5. Nf3 g6 6. Bg5 Be7 7. Bxe7 Qxe7+ 8.
Be2 Nf6 9. O-O O-O 10. h3 Nbd7 11. Nc3 Ne5 12. Nd2 g5 13. Re1 a6 14. a4 Bf5 15.
Bf1 Nfd7 16. Nc4 Bg6 17. h4 h6 18. h5 Bh7 19. a5 f5 20. Na4 g4 21. Nab6 Qg5 22.
Nxe5 Nxe5 23. Rxe5 dxe5 24. Nxa8 f4 25. d6 Be4 26. Qe1 g3 27. fxg3 Qxh5 28.
gxf4 Rxf4 29. d7 Qg5 30. Rd1 Qd8 31. Nc7 Kf7 32. Bc4+ Kg6 33. Ne6 Qg5 34. Nxg5
1-0

[Event "C.to Italiano Semifinale"]
[Site "Saint Vincent - Chatillon ITA"]
[Date "1999.06.25"]
[Round "7"]
[White "Mauro, Alan"]
[Black "Ventura, Sergio"]
[Result "1-0"]
[WhiteElo "2263"]
[BlackElo "2209"]
[PlyCount "37"]
[EventDate "1999.06.20"]

1. e4 g6 2. d4 d6 3. Nc3 c6 4. h4 Nf6 5. Be2 h6 6. Be3 b5 7. a3 Qc7 8. Nh3 Nbd7
9. f4 Nb6 10. d5 a6 11. dxc6 Nc4 12. Bxc4 bxc4 13. Qd4 Qxc6 14. e5 Qxg2 15.
O-O-O Bf5 16. Nf2 Bg7 17. exf6 Bxf6 18. Qd5 Qxd5 19. Nxd5 1-0

[Event "C.to Italiano Semifinale"]
[Site "Saint Vincent - Chatillon ITA"]
[Date "1999.06.25"]
[Round "7"]
[White "Petruccioli, Antonio"]
[Black "Valenti, Giuseppe"]
[Result "1-0"]
[WhiteElo "2013"]
[BlackElo "2200"]
[PlyCount "45"]
[EventDate "1999.06.20"]

1. e4 c5 2. Nf3 d6 3. Bb5+ Nd7 4. d4 a6 5. Bxd7+ Qxd7 6. O-O Nf6 7. Nc3 e6 8.
Bg5 Be7 9. Re1 cxd4 10. Qxd4 b5 11. a4 Bb7 12. axb5 axb5 13. Rxa8+ Bxa8 14. Ra1
Bc6 15. Ra7 Qd8 16. e5 Bxf3 17. exf6 gxf6 18. Nxb5 e5 19. Qc3 fxg5 20. Nc7+ Kf8
21. Qxf3 Kg7 22. Nd5 Bf6 23. Qf5 1-0

[Event "C.to Italiano Semifinale"]
[Site "Saint Vincent - Chatillon ITA"]
[Date "1999.06.25"]
[Round "7"]
[White "Retter, Martin"]
[Black "Pegoraro, Nicola"]
[Result "0-1"]
[WhiteElo "1588"]
[BlackElo "2072"]
[PlyCount "50"]
[EventDate "1999.06.20"]

1. c4 f5 2. g3 Nf6 3. Bg2 g6 4. Nf3 Bg7 5. Nc3 d6 6. d4 O-O 7. Rb1 Nc6 8. O-O
Bd7 9. d5 Ne5 10. Nxe5 dxe5 11. f4 e4 12. e3 Kh8 13. Ne2 e6 14. d6 cxd6 15.
Qxd6 Rc8 16. b3 Bc6 17. Rd1 Qxd6 18. Rxd6 Rfd8 19. Rxd8+ Rxd8 20. Nd4 Ng4 21.
Bb2 Rd7 22. Nxe6 Bxb2 23. Nc5 Rd2 24. Re1 Nxe3 25. Bf1 Bd4 0-1

[Event "C.to Italiano Semifinale"]
[Site "Saint Vincent - Chatillon ITA"]
[Date "1999.06.25"]
[Round "7"]
[White "Sarno, Spartaco"]
[Black "Fabiano, Giuseppe"]
[Result "1-0"]
[WhiteElo "2358"]
[BlackElo "2282"]
[PlyCount "59"]
[EventDate "1999.06.20"]

1. c4 Nf6 2. d4 e6 3. Nf3 d5 4. Nc3 Be7 5. cxd5 exd5 6. Bg5 O-O 7. e3 c6 8. Bd3
Bg4 9. Qc2 Nbd7 10. Ne5 Nxe5 11. dxe5 Nd7 12. Bf4 Kh8 13. h3 Be6 14. O-O f6 15.
exf6 Nxf6 16. Rad1 Qe8 17. Ne2 c5 18. Ng3 Nh5 19. Bxh7 Nxf4 20. exf4 Rxf4 21.
Rfe1 Qc6 22. Nh5 Rff8 23. Nxg7 Kxg7 24. Qg6+ Kh8 25. Rxe6 Qa4 26. Rde1 Bh4 27.
g3 Qd4 28. R1e2 Bf6 29. Bg8 Qh4 30. gxh4 1-0

[Event "C.to Italiano Semifinale"]
[Site "Saint Vincent - Chatillon ITA"]
[Date "1999.06.25"]
[Round "7"]
[White "Scavo, Fernando"]
[Black "Pantaleoni, Claudio"]
[Result "1/2-1/2"]
[WhiteElo "2301"]
[BlackElo "2184"]
[PlyCount "41"]
[EventDate "1999.06.20"]

1. e4 c5 2. c3 Nf6 3. e5 Nd5 4. d4 cxd4 5. Nf3 Nc6 6. cxd4 d6 7. Bc4 Nb6 8. Bb3
d5 9. h3 Bf5 10. Nc3 e6 11. O-O Be7 12. Ne2 O-O 13. Nf4 Rc8 14. Bd2 Be4 15. Bc3
Nc4 16. Bxc4 dxc4 17. Nd2 Bd5 18. a4 Bg5 19. Nxd5 Qxd5 20. Nf3 Be7 21. Qd2
1/2-1/2

[Event "C.to Italiano Semifinale"]
[Site "Saint Vincent - Chatillon ITA"]
[Date "1999.06.25"]
[Round "7"]
[White "Vezzosi, Paolo"]
[Black "Tatai, Stefano"]
[Result "1/2-1/2"]
[WhiteElo "2339"]
[BlackElo "2359"]
[PlyCount "103"]
[EventDate "1999.06.20"]

1. c4 Nf6 2. Nc3 e5 3. g3 Nc6 4. Bg2 Bb4 5. Nd5 Bc5 6. e3 O-O 7. Ne2 Re8 8. O-O
a6 9. a3 d6 10. b4 Ba7 11. Bb2 Nb8 12. Nxf6+ Qxf6 13. f4 Qe7 14. fxe5 dxe5 15.
Nc3 c6 16. c5 Nd7 17. Ne4 Bb8 18. Qf3 f6 19. Bh3 Bc7 20. Bf5 Nf8 21. g4 Be6 22.
Bxe6+ Nxe6 23. Bc3 Rad8 24. Rae1 Rf8 25. Kh1 Qd7 26. Rf2 Rf7 27. Ref1 Rdf8 28.
h4 Qd5 29. Ng3 Qxf3+ 30. Rxf3 Rd7 31. Kg2 h6 32. Ne4 Bd8 33. g5 fxg5 34. Rxf8+
Nxf8 35. hxg5 Bxg5 36. Bxe5 Ng6 37. Bd6 Be7 38. Kg3 Nh8 39. d4 Nf7 40. Bxe7
Rxe7 41. Kf4 g6 42. a4 Kg7 43. Re1 Nd8 44. Rh1 g5+ 45. Kf5 Rf7+ 46. Kg4 Kg6 47.
Nd6 Rf2 48. b5 axb5 49. axb5 cxb5 50. Nxb5 b6 51. cxb6 Rg2+ 52. Kf3 1/2-1/2

[Event "C.to Italiano Semifinale"]
[Site "Saint Vincent - Chatillon ITA"]
[Date "1999.06.25"]
[Round "7"]
[White "Wild, Alexander"]
[Black "Buchicchio, Giancarlo"]
[Result "0-1"]
[WhiteElo "1732"]
[BlackElo "1771"]
[PlyCount "122"]
[EventDate "1999.06.20"]

1. e4 e5 2. Nf3 f5 3. exf5 e4 4. Qe2 Nf6 5. Nc3 d5 6. d3 Bb4 7. Bd2 Bxc3 8.
Bxc3 O-O 9. dxe4 Nxe4 10. Be5 Nc6 11. O-O-O Re8 12. Qb5 Nxe5 13. Rxd5 Nd7 14.
Bc4 Kh8 15. Rhd1 Nd6 16. Qb4 Nb6 17. Ne5 Qf6 18. Rxd6 Qxe5 19. Rd8 Bxf5 20.
Rxe8+ Rxe8 21. Bb3 Rc8 22. Bf7 Ra8 23. Re1 Qf6 24. Bb3 h6 25. f4 Qd6 26. Qc3
Qxf4+ 27. Kb1 Rd8 28. a4 Qd2 29. Qe5 Nc4 30. Qe7 Qd6 31. Bxc4 Qxe7 32. Rxe7
Rd1+ 33. Ka2 Bxc2 34. Rxc7 Bxa4 35. Rxb7 Bc6 36. Rxa7 Bxg2 37. b4 Rh1 38. Kb3
Rxh2 39. b5 Rh1 40. Rc7 g5 41. Bd3 Bd5+ 42. Kb4 g4 43. Rh7+ Kg8 44. Rd7 g3 45.
Rxd5 g2 46. Bc4 Kf8 47. Rd8+ Ke7 48. Rg8 g1=Q 49. Rxg1 Rxg1 50. Kc5 Rc1 51. b6
Kd7 52. Kb5 Rb1+ 53. Kc5 Rc1 54. Kb5 h5 55. Bd5 Kc8 56. Bf3 h4 57. Bg4+ Kb8 58.
Bh3 Rc3 59. Bg4 h3 60. Kb4 Rg3 61. Be6 h2 0-1

[Event "C.to Italiano Semifinale"]
[Site "Saint Vincent - Chatillon ITA"]
[Date "1999.06.26"]
[Round "8"]
[White "Astengo, Corrado"]
[Black "Iotti, Pierluigi"]
[Result "1-0"]
[WhiteElo "2191"]
[BlackElo "2318"]
[PlyCount "49"]
[EventDate "1999.06.20"]

1. e4 e6 2. d4 d5 3. Nd2 Nf6 4. e5 Nfd7 5. Bd3 c5 6. c3 Nc6 7. Ne2 cxd4 8. cxd4
f6 9. exf6 Nxf6 10. O-O Bd6 11. Nf3 Qc7 12. Nc3 a6 13. Re1 O-O 14. h3 Bd7 15.
Be3 Be8 16. Rc1 Bh5 17. Be2 h6 18. Qd2 Rae8 19. Ne5 Bxe2 20. Rxe2 Bxe5 21. dxe5
Nh5 22. Kh1 g5 23. Bc5 Nf4 24. Bxf8 Nxe2 25. Bd6 1-0